Sporclin' Through the '90s IV Quiz Stats

 Plays Quiz Updated Feb 22, 2018

Score 0/36 Timer 06:00
3 Plays Today
Hint Answer % Correct
 
▼    Television    ▼
 
The Simpsons
95.6%
 
▼    Movies    ▼
 
Aladdin
94.5%
 
▼    Music    ▼
 
Britney Spears
93.4%
Scream
93%
Star Trek: Voyager
87.6%
Power Rangers
84.9%
Mission: Impossible
82.3%
The Big Lebowski
76.7%
The Truman Show
75.2%
 
▼    Gaming    ▼
 
Mario Kart 64
73.8%
Vanilla Ice
73.6%
Pete Sampras
62.1%
Family Matters
60.9%
Stephen King
60.6%
Goodfellas
58.3%
Dharma & Greg
56.3%
MC Hammer
53.2%
Daria
52.7%
Hint Answer % Correct
 
▼    History    ▼
 
Muammar Gaddafi
49.2%
Bob Dole
48.3%
Sammy Sosa
48.2%
Super Nintendo Entertainment System
48.1%
Karl Malone
46.7%
Madeleine Albright
43.2%
J. K. Rowling
37.2%
Perfect Strangers
36.4%
Spyro the Dragon
35%
 
▼    Sports    ▼
 
Michael Schumacher
34.1%
Reggie White
33%
Rage Against the Machine
29.5%
Toni Braxton
27.4%
Final Fantasy VII
23%
The Smashing Pumpkins
19.6%
Luis Figo
17.9%
Half-Life
14.8%
Aung San Suu Kyi
11%

You're not logged in!

Compare scores with friends on all Sporcle quizzes.
OR
Log In

Show Comments

Extras

Top Quizzes Today


Score Distribution

Your Account Isn't Verified!

In order to create a playlist on Sporcle, you need to verify the email address you used during registration. Go to your Sporcle Settings to finish the process.

Report this User

Report this user for behavior that violates our Community Guidelines.

Details: